000 01159nam a2200265 a 4500
003 OSt
005 20230523142944.0
007 cr ||||||a|c|a
008 230523s2019 mx a|||fom||| 001 0 eng d
040 _erda
100 1 _9187142
_aRodríguez Romero, Said Arturo
245 1 0 _aParameter estimation for anaerobic digestion model No. 1 under mesophilic conditions using chicken litter /
_cpor Said Rodríguez Romero; director de tesis Teodoro Espinosa Solares.
264 1 _aChapingo, México :
_bEl autor,
_c2019.
300 _a1 recurso en línea (44 páginas).
_bfiguras.
336 _2rdacontent
_atexto
_btxt
337 _2rdamedia
_acomputadora
_bc
338 _2rdacarrier
_arecurso en línea
_bcr
502 _bIMAg
_cMecánica
_d2019.
504 _aIncluye referencias bibliográficas: páginas 29-30.
650 0 _9160441
_aBiorreactores
_xAutomatización
650 2 _9132334
_aDigestión anaeróbica
_xModelos matemáticos
700 1 _937994
_aEspinosa Solares, Teodoro
_eDirector de tesis.
856 _uhttp://10.13.5.2/tesis/tl/Rodriguez_Romero_Said_Arturo.pdf
_zDESCARGAR PDF
942 _2Clasificación Universidad Autónoma Chapingo
_cTD
999 _c218804
_d218804